[Event "Fathers Day op U2100"]
[Site "Toronto CAN"]
[Date "1999.06.19"]
[Round "3"]
[White "Mitrovic, Bojana"]
[Black "Veltmann, Alfred"]
[Result "0-1"]
[WhiteElo "1913"]
[BlackElo "1921"]
[PlyCount "110"]
[GameId "2160767740584177"]
[EventDate "1999.06.18"]
[EventType "swiss"]
[EventRounds "5"]
[EventCountry "CAN"]

1. d4 Nf6 2. g3 g6 3. Bg2 Bg7 4. Nf3 d5 5. O-O O-O 6. c4 c6 7. b3 Na6 8. Bb2 Bf5 9. Nc3 Nc7 10. Re1 Qc8 11. Ne5 Rd8 12. Rc1 Bh3 13. Bh1 dxc4 14. bxc4 Nd7 15. Nf3 Bh6 16. Rc2 Nb6 17. c5 Nbd5 18. e4 Nxc3 19. Bxc3 Bg4 20. Qb1 Bxf3 21. Bxf3 Bg7 22. Rd1 e6 23. a4 Rb8 24. Rb2 Rd7 25. Rb3 Na8 26. Qb2 Qd8 27. Rb4 Nc7 28. Rxb7 Rxb7 29. Qxb7 Nb5 30. Ba5 Rxb7 31. Bxd8 Nxd4 32. Bg2 Rd7 33. Bg5 Ne2+ 34. Kf1 Rxd1+ 35. Kxe2 Ra1 36. e5 Rxa4 37. Bxc6 Ra2+ 38. Ke3 Bxe5 39. Be4 Ra3+ 40. Kd2 Kf8 41. c6 Bc7 42. Be3 Ke8 43. Kc2 a5 44. Kb2 Ra4 45. Bc2 Rb4+ 46. Ka3 Rb8 47. Bg5 Rb5 48. Be3 Ke7 49. Ka4 Rb4+ 50. Ka3 Kd6 51. Bd2 Rc4 52. Kb3 Rc5 53. Bf4+ e5 54. Bh6 Bd8 55. Be3 Rxc6 {...} 0-1

[Event "Fathers Day op U2100"]
[Site "Toronto CAN"]
[Date "1999.06.19"]
[Round "4"]
[White "Richardson, Ross"]
[Black "Veltmann, Alfred"]
[Result "1-0"]
[WhiteElo "1984"]
[BlackElo "1921"]
[PlyCount "61"]
[GameId "2160767911743294"]
[EventDate "1999.06.18"]
[EventType "swiss"]
[EventRounds "5"]
[EventCountry "CAN"]

1. d4 Nf6 2. c4 g6 3. Nc3 Bg7 4. e4 d6 5. f3 O-O 6. Bd3 Nbd7 7. Bg5 c5 8. d5 Ne5 9. Be2 Ne8 10. f4 Nd7 11. Nf3 h6 12. Bh4 Bf6 13. Bg3 Bxc3+ 14. bxc3 Ndf6 15. Nd2 Ng7 16. O-O h5 17. h3 Nh7 18. Bd3 Bd7 19. Bh4 Qe8 20. Qf3 f6 21. Qg3 Kh8 22. Rae1 Rd8 23. Qe3 e5 24. fxe5 Qxe5 25. Bg3 Qe7 26. e5 fxe5 27. Bxg6 Qg5 28. Qxg5 Nxg5 29. Bh4 Nxh3+ 30. gxh3 Bxh3 31. Bxd8 1-0

[Event "Fathers Day op U2100"]
[Site "Toronto CAN"]
[Date "1999.06.20"]
[Round "5"]
[White "Veltmann, Alfred"]
[Black "Mesiti, Silvano"]
[Result "1/2-1/2"]
[WhiteElo "1921"]
[BlackElo "1699"]
[PlyCount "82"]
[GameId "2160767740584178"]
[EventDate "1999.06.18"]
[EventType "swiss"]
[EventRounds "5"]
[EventCountry "CAN"]

1. e4 e5 2. Nf3 d6 3. Bc4 h6 4. d3 Bd7 5. O-O Be7 6. c3 Nc6 7. b4 a6 8. a4 Nf6 9. Nbd2 O-O 10. h3 Qc8 11. Nh2 Nd8 12. Bb2 Ne6 13. Bxe6 Bxe6 14. Re1 Nh7 15. Ndf1 f5 16. Bc1 f4 17. d4 Nf6 18. d5 Bd7 19. c4 Qe8 20. Bb2 Qg6 21. Ra3 Nxe4 22. Nd2 Ng5 23. Kh1 Bf5 24. c5 Rac8 25. Rc3 Ne4 26. Nxe4 Bxe4 27. f3 Bf5 28. Qe2 Bd7 29. a5 Qe8 30. Qe4 Bf5 31. Qe2 Rb8 32. Rcc1 Qa4 33. Qd2 Qe8 34. Ba3 Qa4 35. Bb2 Qe8 36. Rc3 Qb5 37. Rcc1 Qe8 38. Qe2 Qf7 39. Red1 Qe8 40. Rf1 Qb5 41. Rfe1 Qe8 {...} 1/2-1/2

[Event "February TNT"]
[Site "Winnipeg CAN"]
[Date "1999.02.02"]
[Round "1"]
[White "Gibbons, Lorne"]
[Black "Gantzert, Rene"]
[Result "0-1"]
[WhiteElo "1360"]
[BlackElo "1704"]
[PlyCount "48"]
[GameId "2160767911805697"]
[EventDate "1999.02.02"]
[EventType "swiss"]
[EventRounds "4"]
[EventCountry "CAN"]

1. d4 d5 2. c4 e6 3. Nc3 c5 4. cxd5 cxd4 5. Qxd4 Nc6 6. Qa4 exd5 7. a3 Nf6 8. Bg5 Be7 9. O-O-O Be6 10. f3 Qb6 11. Qb5 Qxb5 12. Nxb5 Rc8 13. e3 O-O 14. Nc3 Na5 15. Bd3 Bxa3 16. Kb1 Be7 17. Bc2 Nc4 18. e4 dxe4 19. Bxe4 Nxe4 20. Nxe4 Bxg5 21. Nxg5 Bf5+ 22. Ka2 Rfe8 23. g4 Bg6 24. Kb3 Bc2+ 0-1

[Event "February TNT"]
[Site "Winnipeg CAN"]
[Date "1999.02.02"]
[Round "1"]
[White "Milord, Frank"]
[Black "Magyar, Peter"]
[Result "1-0"]
[WhiteElo "1722"]
[BlackElo "1491"]
[PlyCount "121"]
[GameId "2160767911805698"]
[EventDate "1999.02.02"]
[EventType "swiss"]
[EventRounds "4"]
[EventCountry "CAN"]

1. d4 e6 2. c4 Nf6 3. Nc3 Bb4 4. e3 Bxc3+ 5. bxc3 b6 6. Nf3 Bb7 7. Bd3 O-O 8. O-O d6 9. Qc2 Nbd7 10. Nd2 e5 11. f3 Re8 12. e4 Nf8 13. Rf2 Nh5 14. Nf1 Ng6 15. g3 Bc8 16. Ne3 Bh3 17. a4 Qg5 18. Nd5 Qd8 19. f4 c6 20. f5 Nf8 21. Ne3 Nf6 22. d5 c5 23. Qe2 h5 24. Qf3 Ng4 25. Nxg4 hxg4 26. Qe3 f6 27. Bf1 Bxf1 28. Rxf1 Nh7 29. Qe2 Kf7 30. Qxg4 Rh8 31. Bd2 Qd7 32. Rfb1 Rag8 33. Qh5+ g6 34. fxg6+ Rxg6 35. a5 Qg4 36. Qxg4 Rxg4 37. axb6 axb6 38. Rxb6 Rd8 39. Ra7+ Kg6 40. Rbb7 Ng5 41. Rg7+ Kh5 42. Bxg5 Rxg5 43. Rh7+ Kg4 44. Kg2 Rgg8 45. h3+ Kg5 46. Kf3 f5 47. h4+ Kg6 48. exf5+ Kxf5 49. g4+ Kg6 50. h5+ Kg5 51. Rag7+ Kh4 52. Ke4 Rdf8 53. Rxg8 Rxg8 54. Kf5 Rxg4 55. Ke6 Rxc4 56. Kxd6 e4 57. Kc6 e3 58. d6 Rxc3 59. d7 Rd3 60. Kc7 e2 61. Re7 1-0

[Event "February TNT"]
[Site "Winnipeg CAN"]
[Date "1999.02.02"]
[Round "1"]
[White "Trueman, Francis"]
[Black "Klokow, John"]
[Result "0-1"]
[WhiteElo "1510"]
[BlackElo "1762"]
[PlyCount "46"]
[GameId "2160767911805699"]
[EventDate "1999.02.02"]
[EventType "swiss"]
[EventRounds "4"]
[EventCountry "CAN"]

1. Nf3 e6 2. d3 Nc6 3. g3 b6 4. Bg2 Bb7 5. O-O Be7 6. Ne5 Nf6 7. Nxc6 Bxc6 8. e4 d6 9. Nd2 h5 10. Nf3 Ng4 11. h4 d5 12. Nd4 Bb7 13. c4 dxe4 14. dxe4 Qd7 15. Bf4 e5 16. Be3 Nxe3 17. fxe3 exd4 18. Qf3 Bc5 19. Kh2 Qe7 20. Qf4 O-O-O 21. Bh3+ Kb8 22. e5 dxe3 23. e6 Rd2+ 0-1

[Event "February TNT"]
[Site "Winnipeg CAN"]
[Date "1999.02.02"]
[Round "1"]
[White "Weijs, Harry"]
[Black "Kernested, Gavin"]
[Result "1-0"]
[WhiteElo "1614"]
[BlackElo "1339"]
[PlyCount "71"]
[GameId "2160767911805700"]
[EventDate "1999.02.02"]
[EventType "swiss"]
[EventRounds "4"]
[EventCountry "CAN"]

1. d4 g6 2. Nf3 Bg7 3. Bg5 Nf6 4. Nbd2 d6 5. e4 Bg4 6. c3 Bxf3 7. gxf3 O-O 8. Be2 e5 9. dxe5 dxe5 10. Qb3 b6 11. O-O-O Nbd7 12. Nc4 Qe7 13. Qb5 Rfd8 14. Qc6 Qc5 15. Qxc5 Nxc5 16. Nxe5 Re8 17. Nd3 Ncxe4 18. fxe4 Nxe4 19. Be3 Nxf2 20. Bxf2 Rxe2 21. Bg3 Bh6+ 22. Kb1 c6 23. Ne5 c5 24. Rd7 Bg7 25. Nxf7 a6 26. Rf1 Rae8 27. Nd6 Rf8 28. Rff7 Rxf7 29. Nxf7 Bf8 30. Nd8 a5 31. Rb7 Rd2 32. Nc6 Bh6 33. Ne7+ Kf7 34. Nf5+ Kf6 35. Nxh6 c4 36. Rf7+ 1-0

[Event "February TNT"]
[Site "Winnipeg CAN"]
[Date "1999.02.09"]
[Round "2"]
[White "Gantzert, Rene"]
[Black "Cummer, Jeff"]
[Result "0-1"]
[WhiteElo "1704"]
[BlackElo "1823"]
[PlyCount "44"]
[GameId "2160767911805701"]
[EventDate "1999.02.02"]
[EventType "swiss"]
[EventRounds "4"]
[EventCountry "CAN"]

1. d4 f5 2. h3 d5 3. g4 fxg4 4. hxg4 Bxg4 5. Qd3 Be6 6. Rxh7 Rxh7 7. Qxh7 Nf6 8. Qd3 Nc6 9. Bh3 Qd6 10. Bxe6 Qxe6 11. Nc3 Qg4 12. Nf3 O-O-O 13. a3 Ne4 14. Bd2 e5 15. Be3 exd4 16. Bxd4 Nxd4 17. Qxd4 Bc5 18. Qd3 Bxf2+ 19. Kd1 Rh8 20. Nxe4 dxe4 21. Qc4 Rh1+ 22. Kd2 e3+ 0-1

[Event "February TNT"]
[Site "Winnipeg CAN"]
[Date "1999.02.09"]
[Round "2"]
[White "Klokow, John"]
[Black "Weijs, Harry"]
[Result "0-1"]
[WhiteElo "1762"]
[BlackElo "1624"]
[PlyCount "46"]
[GameId "2160767911805702"]
[EventDate "1999.02.02"]
[EventType "swiss"]
[EventRounds "4"]
[EventCountry "CAN"]

1. e4 d5 2. exd5 Nf6 3. Nf3 Nxd5 4. d4 Bf5 5. Bc4 Nb4 6. Bb3 e6 7. Nc3 c6 8. O-O Bd6 9. Bg5 Qc7 10. h3 h6 11. Bd2 Nd7 12. Re1 O-O-O 13. Ne4 Bxe4 14. Rxe4 g5 15. Rc1 Nf6 16. Re1 g4 17. Ne5 gxh3 18. Nxf7 Bh2+ 19. Kf1 hxg2+ 20. Kxg2 Rhg8+ 21. Kh3 Rxd4 22. Bxe6+ Kb8 23. Bxb4 Rg3+ 0-1

[Event "February TNT"]
[Site "Winnipeg CAN"]
[Date "1999.02.09"]
[Round "2"]
[White "Schulz, Waldemar"]
[Black "Milord, Frank"]
[Result "1-0"]
[WhiteElo "2074"]
[BlackElo "1734"]
[PlyCount "27"]
[GameId "2160767911805703"]
[EventDate "1999.02.02"]
[EventType "swiss"]
[EventRounds "4"]
[EventCountry "CAN"]

1. d4 Nf6 2. c4 e6 3. Nf3 b6 4. g3 Bb7 5. Bg2 c5 6. O-O d5 7. cxd5 Bxd5 8. Nc3 Bb7 9. Bf4 cxd4 10. Nb5 Nd5 11. Nfxd4 g5 12. Be5 f6 13. Nxe6 Qe7 14. Bxd5 1-0

[Event "February TNT"]
[Site "Winnipeg CAN"]
[Date "1999.02.16"]
[Round "3"]
[White "Cummer, Jeff"]
[Black "Klokow, John"]
[Result "1-0"]
[WhiteElo "1825"]
[BlackElo "1762"]
[PlyCount "58"]
[GameId "2160767911805704"]
[EventDate "1999.02.02"]
[EventType "swiss"]
[EventRounds "4"]
[EventCountry "CAN"]

1. e4 e5 2. Nf3 Nc6 3. Nc3 Nf6 4. d4 exd4 5. Nd5 Be7 6. Bc4 O-O 7. O-O Nxe4 8. Re1 Nd6 9. Bb3 Nf5 10. g4 Nh4 11. Nxe7+ Nxe7 12. Nxh4 Nc6 13. Nf3 Qf6 14. Bg5 Qg6 15. h4 h6 16. h5 Qd6 17. Qd3 b6 18. Bd2 Bb7 19. Nh4 Qf6 20. Qg3 d6 21. f4 d3 22. c3 Rae8 23. Ng6 Rxe1+ 24. Rxe1 Rd8 25. Qxd3 Na5 26. Ne7+ Kh8 27. Bc2 g6 28. hxg6 fxg6 29. Nxg6+ Kg7 1-0

[Event "February TNT"]
[Site "Winnipeg CAN"]
[Date "1999.02.16"]
[Round "3"]
[White "Milord, Frank"]
[Black "Gibbons, Lorne"]
[Result "1-0"]
[WhiteElo "1722"]
[BlackElo "1360"]
[PlyCount "23"]
[GameId "2160767911805705"]
[EventDate "1999.02.02"]
[EventType "swiss"]
[EventRounds "4"]
[EventCountry "CAN"]

1. e4 e5 2. Nf3 Nc6 3. Bb5 Nge7 4. O-O h6 5. d4 exd4 6. Nxd4 Nxd4 7. Qxd4 c6 8. Bd3 d5 9. Re1 Be6 10. Nc3 Qd7 11. exd5 O-O-O 12. Qxa7 1-0

[Event "February TNT"]
[Site "Winnipeg CAN"]
[Date "1999.02.16"]
[Round "3"]
[White "Trueman, Francis"]
[Black "Gantzert, Rene"]
[Result "0-1"]
[WhiteElo "1510"]
[BlackElo "1704"]
[PlyCount "58"]
[GameId "2160767911805706"]
[EventDate "1999.02.02"]
[EventType "swiss"]
[EventRounds "4"]
[EventCountry "CAN"]

1. Nf3 c5 2. g3 Nc6 3. Bg2 d5 4. d3 Bg4 5. Nbd2 Nf6 6. O-O g6 7. c3 Bg7 8. h3 Bd7 9. Re1 O-O 10. e4 d4 11. e5 Nd5 12. Qb3 Bf5 13. e6 Bxe6 14. Ng5 dxc3 15. Rxe6 cxd2 16. Bxd2 Nc7 17. Re2 Nd4 18. Qd1 Nxe2+ 19. Qxe2 Rb8 20. h4 e6 21. Bh3 Bxb2 22. Re1 Re8 23. Qf3 f5 24. h5 h6 25. Nxe6 Rxe6 26. hxg6 Rxe1+ 27. Bxe1 Qe8 28. Qxf5 Qxe1+ 29. Kg2 Rf8 0-1

[Event "February TNT"]
[Site "Winnipeg CAN"]
[Date "1999.02.16"]
[Round "3"]
[White "Weijs, Harry"]
[Black "Schulz, Waldemar"]
[Result "0-1"]
[WhiteElo "1624"]
[BlackElo "2085"]
[PlyCount "64"]
[GameId "2160767911805707"]
[EventDate "1999.02.02"]
[EventType "swiss"]
[EventRounds "4"]
[EventCountry "CAN"]

1. d4 Nf6 2. Nf3 g6 3. Bg5 Bg7 4. Nbd2 d5 5. e3 c5 6. c3 O-O 7. Be2 Nc6 8. O-O Qb6 9. Qc1 cxd4 10. exd4 Re8 11. Ne5 Nd7 12. Nxd7 Bxd7 13. Nb3 Rac8 14. Bf3 Be6 15. Qd2 f6 16. Rfe1 Bf7 17. Be3 Qc7 18. Bf4 Qb6 19. Be3 Na5 20. Nxa5 Qxa5 21. b4 Qc7 22. Rac1 Qd7 23. a4 e5 24. a5 e4 25. Be2 a6 26. Qb2 Qc7 27. Qa1 Be6 28. b5 axb5 29. Bxb5 Red8 30. Qa4 Ra8 31. a6 bxa6 32. Bc6 Rac8 0-1

[Event "Fete du travail"]
[Site "Charlesbourg CAN"]
[Date "1999.09.05"]
[Round "3"]
[White "Girard, Robin"]
[Black "Auger, Bertrand"]
[Result "1-0"]
[WhiteElo "2249"]
[BlackElo "2041"]
[PlyCount "71"]
[GameId "2160767911742230"]
[EventDate "1999.09.04"]
[EventType "swiss"]
[EventRounds "5"]
[EventCountry "CAN"]

1. d4 Nf6 2. Nf3 e6 3. c4 b6 4. a3 Bb7 5. Nc3 Be7 6. d5 O-O 7. e4 exd5 8. cxd5 Re8 9. Bd3 d6 10. O-O Nbd7 11. Nd4 Nc5 12. Bc2 Bf8 13. f3 a5 14. Bg5 h6 15. Bh4 Be7 16. Nf5 Bf8 17. Qd4 Ncd7 18. Rae1 g6 19. Ne3 Bg7 20. Qd1 Nf8 21. f4 Ba6 22. Rf2 N8h7 23. Qf3 Qd7 24. g4 Re7 25. e5 dxe5 26. d6 e4 27. Nxe4 Rxe4 28. Bxe4 Nxe4 29. Qxe4 Re8 30. Qd5 cxd6 31. Rd2 Bf8 32. f5 Bb7 33. Qd3 Be4 34. Qd4 Ng5 35. Bxg5 hxg5 36. Nd5 1-0

[Event "Fete du travail"]
[Site "Charlesbourg CAN"]
[Date "1999.09.05"]
[Round "4"]
[White "Auger, Bertrand"]
[Black "Beaudoin, Gaetan"]
[Result "1-0"]
[WhiteElo "2041"]
[BlackElo "1650"]
[PlyCount "53"]
[GameId "2160767911742231"]
[EventDate "1999.09.04"]
[EventType "swiss"]
[EventRounds "5"]
[EventCountry "CAN"]

1. Nf3 Nc6 2. d4 d6 3. g3 Nf6 4. Bg2 Bg4 5. O-O e5 6. d5 Nb8 7. c4 Be7 8. Nc3 O-O 9. Qc2 c6 10. e4 cxd5 11. cxd5 Nbd7 12. Be3 Qa5 13. Rac1 Rfc8 14. Qb1 Qd8 15. b4 Nb6 16. Nd2 Bd7 17. f3 a6 18. Qb3 Rab8 19. a4 Be8 20. a5 Nbd7 21. Bh3 Rc7 22. Nc4 b5 23. axb6 Rcc8 24. Na4 Rxc4 25. Rxc4 Bf8 26. Rfc1 Nxb6 27. Nxb6 1-0

[Event "Fete du travail"]
[Site "Charlesbourg CAN"]
[Date "1999.09.06"]
[Round "5"]
[White "Auger, Bertrand"]
[Black "Belanger, Jacques"]
[Result "1/2-1/2"]
[WhiteElo "2041"]
[BlackElo "2046"]
[PlyCount "75"]
[GameId "2160767911742232"]
[EventDate "1999.09.04"]
[EventType "swiss"]
[EventRounds "5"]
[EventCountry "CAN"]

1. Nf3 Nf6 2. g3 g6 3. b4 Bg7 4. Bb2 O-O 5. Bg2 c6 6. O-O a5 7. a3 axb4 8. axb4 Rxa1 9. Bxa1 Qb6 10. c3 d5 11. d3 Bg4 12. Nbd2 Nbd7 13. Qc2 h6 14. Rb1 Be6 15. c4 dxc4 16. Nxc4 Bxc4 17. dxc4 Ra8 18. Bd4 Qc7 19. Qb2 c5 20. bxc5 Nxc5 21. Nd2 Rd8 22. Qa1 b6 23. Be5 Qd7 24. Nf1 Qe6 25. Ne3 Rd2 26. Bf3 Ncd7 27. Bc3 Rd6 28. Kg2 h5 29. h3 Nc5 30. Nd5 Nce4 31. Be5 Nd2 32. Bxd6 Nxb1 33. Nxe7+ Kh7 34. Qxb1 Qxd6 35. Nc8 Qb8 36. Ne7 Bf8 37. Nc6 Qc7 38. Qd3 1/2-1/2

[Event "Fete du travail"]
[Site "Charlesbourg CAN"]
[Date "1999.09.06"]
[Round "5"]
[White "Pescarus, Radu"]
[Black "St Amand, Paul Jr"]
[Result "0-1"]
[WhiteElo "2060"]
[BlackElo "2140"]
[PlyCount "52"]
[GameId "2160767911742233"]
[EventDate "1999.09.04"]
[EventType "swiss"]
[EventRounds "5"]
[EventCountry "CAN"]
[SourceTitle "Echec+ 1999.11"]

1. e4 c5 2. f4 g6 3. Nf3 Bg7 4. Nc3 Nc6 5. Bb5 Nd4 6. Nxd4 cxd4 7. Ne2 e6 8. O-O Ne7 9. Kh1 O-O 10. c3 Qb6 11. Bd3 Nc6 12. c4 d6 13. Ng3 f5 14. exf5 exf5 15. Qf3 Be6 16. b3 Rfd8 17. Re1 Bf7 18. Bb2 d5 19. cxd5 Bxd5 20. Qe2 Nb4 21. Qf1 Rac8 22. Ba3 Nxd3 23. Qxd3 Qc6 24. Re2 Re8 25. h3 Rxe2 26. Qxe2 d3 0-1

[Event "Givenchy PI at The Bay - G/5 playoff"]
[Site "Toronto CAN"]
[Date "1999.11.27"]
[Round "1.2"]
[White "Uwland, Jaco"]
[Black "Cohen, David"]
[Result "0-1"]
[WhiteElo "1577"]
[BlackElo "1977"]
[PlyCount "26"]
[GameId "2160767911741775"]
[EventDate "1999.11.28"]
[EventType "match (rapid)"]
[EventRounds "1"]
[EventCountry "CAN"]

1. e4 e5 2. Nf3 Nc6 3. d3 Nf6 4. g3 d5 5. Bg2 dxe4 6. dxe4 Qxd1+ 7. Kxd1 Nxe4 8. Nc3 Nxf2+ 9. Ke2 Nxh1 10. Bg5 Nxg3+ 11. hxg3 Bb4 12. a3 Bxc3 13. bxc3 f6 0-1

[Event "Givenchy PI at The Bay Active"]
[Site "Toronto CAN"]
[Date "1999.11.27"]
[Round "1"]
[White "Alcaide, Florante"]
[Black "Lawless, David"]
[Result "1-0"]
[WhiteElo "2227"]
[BlackElo "1955"]
[PlyCount "63"]
[GameId "2160767911741776"]
[EventDate "1999.11.27"]
[EventType "k.o. (rapid)"]
[EventRounds "7"]
[EventCountry "CAN"]

1. c4 g6 2. Nc3 Bg7 3. g3 Nf6 4. Bg2 O-O 5. Nf3 d6 6. O-O e5 7. d3 Nc6 8. Rb1 a5 9. a3 Bd7 10. h3 Qc8 11. Kh2 Nh5 12. e3 f5 13. Ng5 h6 14. Nf3 Nf6 15. Nh4 Kh7 16. f4 e4 17. dxe4 Nxe4 18. Nxe4 fxe4 19. Bxe4 Bf5 20. Bxf5 gxf5 21. Qc2 Kg8 22. Bd2 Qe6 23. Rbd1 Rae8 24. b3 Qf6 25. Rf2 Re4 26. Nf3 Rfe8 27. Rg1 Kh8 28. g4 fxg4 29. Rxg4 Ne7 30. Rxg7 Qxg7 31. Bc3 Re5 32. Nxe5 1-0

[Event "Givenchy PI at The Bay Active"]
[Site "Toronto CAN"]
[Date "1999.11.27"]
[Round "1"]
[White "Duggan, Brendan"]
[Black "Fairbairn, Stephen"]
[Result "0-1"]
[WhiteElo "990"]
[BlackElo "1985"]
[PlyCount "54"]
[GameId "2160767911741777"]
[EventDate "1999.11.27"]
[EventType "k.o. (rapid)"]
[EventRounds "7"]
[EventCountry "CAN"]

1. e4 c6 2. Nf3 d5 3. exd5 cxd5 4. d4 Nf6 5. Nc3 Bg4 6. Be2 e6 7. O-O Be7 8. Ne5 Bxe2 9. Qxe2 O-O 10. Re1 Nc6 11. Bf4 Nxd4 12. Qd3 Nc6 13. Re3 d4 14. Rh3 dxc3 15. Qxc3 Nd4 16. Qd3 Nf5 17. Qe2 Qd4 18. Bg5 Qxb2 19. Rf1 Rad8 20. Bxf6 Bxf6 21. Qh5 h6 22. Nf3 Rd5 23. Qg4 Rfd8 24. g3 Rd1 25. Rxd1 Rxd1+ 26. Kg2 Qxc2 27. Rxh6 Ne3+ 0-1

[Event "Givenchy PI at The Bay Active"]
[Site "Toronto CAN"]
[Date "1999.11.27"]
[Round "1"]
[White "Thiede, Gunther"]
[Black "Hancas, Marius"]
[Result "0-1"]
[WhiteElo "1626"]
[BlackElo "1999"]
[PlyCount "58"]
[GameId "2160767911741778"]
[EventDate "1999.11.27"]
[EventType "k.o. (rapid)"]
[EventRounds "7"]
[EventCountry "CAN"]

1. e4 d6 2. Nf3 Nf6 3. Nc3 g6 4. d3 Bg7 5. Be2 O-O 6. O-O c5 7. Bd2 Nc6 8. a3 a6 9. h3 b5 10. b3 Nd7 11. Rb1 Bb7 12. Nh2 Nd4 13. f4 f5 14. Nf3 e6 15. Ng5 h6 16. Nf3 Kh7 17. Rc1 Qa5 18. a4 Nxf3+ 19. Bxf3 Bxc3 20. Be3 Qc7 21. Qe2 Nf6 22. e5 Bxf3 23. Qxf3 dxe5 24. Qg3 Nh5 25. Qf2 exf4 26. Bxc5 Rfd8 27. d4 Ng3 28. Rfe1 Bxe1 29. Rxe1 Ne4 0-1

[Event "Givenchy PI at The Bay Active"]
[Site "Toronto CAN"]
[Date "1999.11.27"]
[Round "1"]
[White "Trbic, Milan"]
[Black "Berson, Jordan"]
[Result "0-1"]
[WhiteElo "1928"]
[BlackElo "2066"]
[PlyCount "80"]
[GameId "2160767911741779"]
[EventDate "1999.11.27"]
[EventType "k.o. (rapid)"]
[EventRounds "7"]
[EventCountry "CAN"]

1. d4 Nf6 2. c4 e6 3. Nf3 Bb4+ 4. Nc3 c5 5. a3 cxd4 6. axb4 dxc3 7. bxc3 Qc7 8. c5 Nd5 9. Qd4 O-O 10. b5 d6 11. b6 axb6 12. Rxa8 bxc5 13. Qd3 Na6 14. e4 Nb6 15. Rxa6 bxa6 16. Be3 Bb7 17. Be2 Ra8 18. O-O a5 19. Bc1 Qc6 20. e5 Ba6 21. Qc2 Bxe2 22. Qxe2 d5 23. Qa2 Nd7 24. Ba3 Qc7 25. Qe2 Nb6 26. Qb5 Nd7 27. h3 Rb8 28. Qa4 h6 29. Re1 Nf8 30. Nd2 Ng6 31. f4 Qa7 32. Kf1 c4 33. g3 h5 34. h4 Kh7 35. Qc6 a4 36. Nf3 Ne7 37. Qd6 Nf5 38. Ng5+ Kg6 39. Bc5 Qb7 40. Nf3 Nxd6 0-1

[Event "Givenchy PI at The Bay Active"]
[Site "Toronto CAN"]
[Date "1999.11.27"]
[Round "1"]
[White "Zagar, Milan"]
[Black "Siddeley, Hugh"]
[Result "1-0"]
[WhiteElo "2016"]
[BlackElo "1763"]
[PlyCount "81"]
[GameId "2160767911741780"]
[EventDate "1999.11.27"]
[EventType "k.o. (rapid)"]
[EventRounds "7"]
[EventCountry "CAN"]

1. d4 e6 2. c4 Nf6 3. Bg5 d5 4. e3 Be7 5. Nf3 h6 6. Bh4 b6 7. cxd5 Nxd5 8. Bxe7 Qxe7 9. Nc3 O-O 10. Bd3 Bb7 11. O-O Nd7 12. Nxd5 exd5 13. Rc1 c5 14. Bb1 Rfe8 15. Qd3 Qe4 16. Qb5 Qe6 17. dxc5 Bc6 18. Qd3 bxc5 19. Qh7+ Kf8 20. Rfe1 Nf6 21. Qh8+ Ke7 22. Qxg7 Rh8 23. Qg3 Rhg8 24. Qc7+ Nd7 25. Ne5 Qxe5 26. Qxc6 Rab8 27. Rcd1 Rxb2 28. Rxd5 Qe6 29. Rxd7+ Qxd7 30. Qxc5+ Ke8 31. Bf5 Qe7 32. Qc8+ Qd8 33. Rc1 Rd2 34. Qc6+ Kf8 35. Qxh6+ Rg7 36. h4 Rd1+ 37. Rxd1 Qxd1+ 38. Kh2 Qa1 39. Qh8+ Ke7 40. g4 Qe5+ 41. Kh3 1-0

[Event "Givenchy PI at The Bay Active"]
[Site "Toronto CAN"]
[Date "1999.11.27"]
[Round "1.1"]
[White "Cohen, David"]
[Black "Uwland, Jaco"]
[Result "1/2-1/2"]
[WhiteElo "1977"]
[BlackElo "1577"]
[PlyCount "135"]
[GameId "2160767911741781"]
[EventDate "1999.11.27"]
[EventType "k.o. (rapid)"]
[EventRounds "7"]
[EventCountry "CAN"]

1. e4 e5 2. Nf3 d6 3. d4 Nc6 4. Be3 Nf6 5. Nc3 Bg4 6. Be2 h6 7. d5 Ne7 8. Qd2 g6 9. h3 Bd7 10. O-O-O Bg7 11. Kb1 Nc8 12. Nh2 Nb6 13. Ng4 Nxg4 14. hxg4 Qe7 15. Bxh6 Bxh6 16. Rxh6 Rxh6 17. Qxh6 O-O-O 18. Rh1 Qf6 19. Qe3 Kb8 20. g5 Qe7 21. g3 a6 22. f4 exf4 23. gxf4 f6 24. gxf6 Qxf6 25. Bd3 Rh8 26. Rxh8+ Qxh8 27. Kc1 Qh1+ 28. Nd1 Bb5 29. Bxb5 axb5 30. b3 Qh8 31. c3 b4 32. Qd4 Qh4 33. f5 gxf5 34. exf5 Qg5+ 35. Ne3 Qg1+ 36. Kc2 Qf2+ 37. Qd2 Qf4 38. cxb4 Nd7 39. a3 Ne5 40. Kc3 Nf3 41. Qf2 Qe5+ 42. Kd3 Qd4+ 43. Ke2 Ne5 44. f6 Qb2+ 45. Kf1 Qc1+ 46. Kg2 Qc3 47. Nc4 Nf7 48. Qf3 Qc2+ 49. Kg3 Qg6+ 50. Kf2 Ng5 51. Qe3 Qf5+ 52. Ke2 Qxf6 53. Kd3 Qf5+ 54. Kc3 Ne4+ 55. Kb2 Qxd5 56. a4 Nf6 57. Ka3 Qd1 58. b5 Nd5 59. Qe8+ Ka7 60. b6+ Nxb6 61. Nxb6 Kxb6 62. Qb5+ Ka7 63. Qa5+ Kb8 64. Qc3 Qd5 65. a5 Qb5 66. b4 d5 67. Qd4 Qe2 68. Qh8+ 1/2-1/2

[Event "Givenchy PI at The Bay Active"]
[Site "Toronto CAN"]
[Date "1999.11.27"]
[Round "2"]
[White "Berson, Jordan"]
[Black "Cohen, David"]
[Result "1-0"]
[WhiteElo "2066"]
[BlackElo "1977"]
[PlyCount "47"]
[GameId "2160767911741782"]
[EventDate "1999.11.27"]
[EventType "k.o. (rapid)"]
[EventRounds "7"]
[EventCountry "CAN"]

1. Nf3 d5 2. c4 Nf6 3. d4 e6 4. Bg5 Be7 5. Qc2 h6 6. Bh4 O-O 7. e3 Re8 8. Bd3 dxc4 9. Bxc4 b6 10. Bxf6 Bxf6 11. Qe4 c6 12. Bd3 Qd5 13. Qh7+ Kf8 14. Nc3 Qa5 15. O-O Ba6 16. Bxa6 Nxa6 17. Ne4 Ke7 18. Nxf6 gxf6 19. Qxh6 Rh8 20. Qf4 Qh5 21. Rac1 Rag8 22. Rxc6 Rg4 23. Qd6+ Ke8 24. Rc8# 1-0

[Event "Givenchy PI at The Bay Active"]
[Site "Toronto CAN"]
[Date "1999.11.27"]
[Round "2"]
[White "Hancas, Marius"]
[Black "Alcaide, Florante"]
[Result "0-1"]
[WhiteElo "1999"]
[BlackElo "2227"]
[PlyCount "48"]
[GameId "2160767911741783"]
[EventDate "1999.11.27"]
[EventType "k.o. (rapid)"]
[EventRounds "7"]
[EventCountry "CAN"]

1. d4 Nf6 2. Nf3 e6 3. g3 b6 4. Bg2 Bb7 5. c4 Bb4+ 6. Bd2 Bxd2+ 7. Qxd2 Ne4 8. Qc2 d5 9. O-O O-O 10. cxd5 exd5 11. Nc3 Nxc3 12. Qxc3 Nd7 13. b4 Re8 14. e3 Rc8 15. Rfc1 c5 16. bxc5 bxc5 17. Qa3 Qb6 18. Rab1 Qa6 19. Qb2 cxd4 20. Nxd4 Ba8 21. Nf5 Rxc1+ 22. Rxc1 Nf6 23. Rc7 h6 24. Qd4 Qe6 0-1